[Event "Titled Tuesday intern op 06th July"]
[Site "Chess.com INT"]
[Date "2021.07.06"]
[Round "3"]
[White "Antonica, Dragos Andrei"]
[Black "Taras, Iulian Ioan"]
[Result "0-1"]
[WhiteElo "2302"]
[BlackElo "2224"]
[PlyCount "76"]
[EventDate "2021.07.06"]
[EventType "swiss (blitz)"]
[EventRounds "11"]
[EventCountry "USA"]
[SourceTitle "EXT 2022"]
[Source "ChessBase"]
[SourceDate "2021.10.06"]
[SourceVersion "1"]
[SourceVersionDate "2021.10.06"]
[SourceQuality "1"]

1. d4 d5 2. c4 dxc4 3. e4 Nc6 4. Be3 Nf6 5. e5 Nd5 6. Bxc4 Nxe3 7. fxe3 e6 8. Nc3 Nxe5 9. Bxe6 Bxe6 10. dxe5 Qg5 11. Qf3 0-0-0 12. Qe4 Bc5 13. Kf2 Bf5 14. Qf3 Rd2+ 15. Nge2 Rhd8 16. Rad1 Bc2 17. Rxd2 Rxd2 18. Ne4 Qh4+ 19. N4g3 Bd3 20. Re1 Qc4 21. Nf1 Rxb2 22. Qh3+ Qe6 23. Qxe6+ fxe6 24. Nfg3 b5 25. Rc1 Bb6 26. Kf3 Bxe2+ 27. Nxe2 Rxa2 28. Nc3 Rb2 29. Ne4 Rb3 30. Rc2 a5 31. h4 a4 32. Nd2 Rd3 33. Nb1 Rxe3+ 34. Kf4 Rb3 35. Nc3 a3 36. Na2 b4 37. Ke4 Rb2 38. Nxb4 Rxb4+ 0-1

[Event "Titled Tuesday intern op 06th July"]
[Site "Chess.com INT"]
[Date "2021.07.06"]
[Round "1"]
[White "Taras, Iulian Ioan"]
[Black "Hryshchenko, Kamila"]
[Result "1-0"]
[WhiteElo "2224"]
[BlackElo "2055"]
[PlyCount "93"]
[EventDate "2021.07.06"]
[EventType "swiss (blitz)"]
[EventRounds "11"]
[EventCountry "USA"]
[SourceTitle "EXT 2022"]
[Source "ChessBase"]
[SourceDate "2021.10.06"]
[SourceVersion "1"]
[SourceVersionDate "2021.10.06"]
[SourceQuality "1"]

1. d4 d5 2. Bf4 c5 3. e3 cxd4 4. exd4 Nc6 5. c3 Bf5 6. Qb3 Qd7 7. Nf3 e6 8. Ne5 Nxe5 9. Bxe5 Ne7 10. c4 dxc4 11. Bxc4 Be4 12. 0-0 Bd5 13. Nc3 Bxc4 14. Qxc4 Rc8 15. Qe2 Nc6 16. Rad1 Nxe5 17. Qxe5 Qd6 18. Qg5 h6 19. Qg4 h5 20. Qg5 Qd8 21. Qe5 Qd6 22. Qg5 Qd8 23. Qe5 Qd6 24. Qe4 Be7 25. d5 e5 26. f4 exf4 27. Rxf4 0-0 28. Qf3 Qb6+ 29. Kh1 Qxb2 30. Ne4 f5 31. Rxf5 Qc2 32. Rf1 Qxa2 33. d6 Rxf5 34. Qxf5 Rf8 35. dxe7 Rxf5 36. e8Q+ Kh7 37. Re1 Qa5 38. Ng3 Rg5 39. Qe4+ Kg8 40. Rf1 Qb5 41. Qf4 h4 42. Ne4 Rg4 43. Qf7+ Kh7 44. Nf6+ Kh6 45. Nxg4+ Kg5 46. h3 Qxf1+ 47. Qxf1 1-0

[Event "Titled Tuesday intern op 22nd June"]
[Site "Chess.com INT"]
[Date "2021.06.22"]
[Round "8"]
[White "Taras, Iulian Ioan"]
[Black "Sukandar, Irine Kharisma"]
[Result "0-1"]
[WhiteElo "2224"]
[BlackElo "2413"]
[PlyCount "96"]
[EventDate "2021.06.22"]
[EventType "swiss (blitz)"]
[EventRounds "11"]
[EventCountry "USA"]
[SourceTitle "CBM 203 Extra"]
[Source "ChessBase"]
[SourceDate "2021.09.30"]
[SourceVersion "1"]
[SourceVersionDate "2021.09.30"]
[SourceQuality "1"]

1. d4 c5 2. d5 e5 3. c4 d6 4. Nc3 f5 5. e4 Nf6 6. Bd3 f4 7. Bd2 Bg4 8. Qc2 Be7 9. f3 Bd7 10. Nge2 Na6 11. a3 Nc7 12. b4 b6 13. Qd1 0-0 14. Bc2 Kh8 15. Ba4 cxb4 16. axb4 a5 17. Nb5 Nxb5 18. Bxb5 Bxb5 19. cxb5 axb4 20. Bxb4 Qd7 21. Nc3 Rfc8 22. Kd2 Ne8 23. Qe2 Nc7 24. Rhc1 h6 25. h3 Qe8 26. Rxa8 Rxa8 27. Kc2 Rc8 28. Kb3 Nxb5 29. Nxb5 Rxc1 30. Bxd6 Rb1+ 31. Ka2 Rxb5 32. Bxe7 Ra5+ 33. Ba3 b5 34. Kb2 Qa8 35. Qd3 b4 36. Bxb4 Ra2+ 37. Kc3 Rxg2 38. d6 Qa1+ 39. Kc4 Qa6+ 40. Kc3 Qc6+ 41. Kb3 Qd7 42. Qc4 Qxh3 43. Qc7 Qxf3+ 44. Ka4 Ra2+ 45. Kb5 Qd3+ 46. Kb6 Ra6+ 47. Kb7 Qb5+ 48. Kc8 Rc6 0-1

[Event "Titled Tuesday intern op 08th June"]
[Site "Chess.com INT"]
[Date "2021.06.08"]
[Round "7"]
[White "Cagara, Paulina"]
[Black "Taras, Iulian Ioan"]
[Result "1/2-1/2"]
[WhiteElo "2027"]
[BlackElo "2224"]
[PlyCount "116"]
[EventDate "2021.06.08"]
[EventType "swiss (blitz)"]
[EventRounds "11"]
[EventCountry "USA"]
[SourceTitle "CBM 202 Extra"]
[Source "ChessBase"]
[SourceDate "2021.07.31"]
[SourceVersion "1"]
[SourceVersionDate "2021.07.31"]
[SourceQuality "1"]

1. e4 c5 2. Nc3 a6 3. f4 b5 4. Nf3 b4 5. Nd5 e6 6. Ne3 Bb7 7. d3 Nf6 8. Be2 h5 9. 0-0 Ng4 10. a3 a5 11. axb4 axb4 12. Rxa8 Bxa8 13. c3 bxc3 14. bxc3 Bd6 15. Nc4 Bc7 16. h3 Nf6 17. Ng5 d5 18. exd5 Nxd5 19. Bxh5 g6 20. Bxg6 fxg6 21. Nxe6 Qd7 22. Re1 Kf7 23. Qg4 Nf6 24. Qg3 Nc6 25. Nxc7 Qxc7 26. Ne5+ Nxe5 27. fxe5 Nh5 28. Rf1+ Kg7 29. Qg5 Re8 30. d4 Qc6 31. Qh6+ Kg8 32. Qg5 cxd4 33. cxd4 Rf8 34. Rxf8+ Kxf8 35. Ba3+ Kg7 36. Qe7+ Kg8 37. Qd8+ Kh7 38. Qe7+ Ng7 39. Qh4+ Kg8 40. Qg3 Nf5 41. Qg5 Kf7 42. Kh2 Bb7 43. Bc5 Ne3 44. Qf4+ Ke6 45. Qf6+ Kd5 46. Qf7+ Ke4 47. Qf3+ Kd3 48. Qxc6 Bxc6 49. g4 Ke4 50. Kg3 Nd5 51. h4 Nc3 52. h5 gxh5 53. gxh5 Be8 54. h6 Bg6 55. e6 Nd5 56. e7 Nxe7 57. Bxe7 Kxd4 58. h7 Bxh7 1/2-1/2

[Event "Titled Tuesday intern op 08th June"]
[Site "Chess.com INT"]
[Date "2021.06.08"]
[Round "6"]
[White "Taras, Iulian Ioan"]
[Black "Goncharov, Vladimir"]
[Result "0-1"]
[WhiteElo "2224"]
[BlackElo "2077"]
[PlyCount "84"]
[EventDate "2021.06.08"]
[EventType "swiss (blitz)"]
[EventRounds "11"]
[EventCountry "USA"]
[SourceTitle "CBM 202 Extra"]
[Source "ChessBase"]
[SourceDate "2021.07.31"]
[SourceVersion "1"]
[SourceVersionDate "2021.07.31"]
[SourceQuality "1"]

1. d4 Nf6 2. Nf3 g6 3. c4 Bg7 4. Nc3 0-0 5. e4 d6 6. Be2 Bg4 7. Ng1 Bxe2 8. Ngxe2 c5 9. d5 Na6 10. 0-0 Nc7 11. h3 Nd7 12. Bf4 b5 13. b3 b4 14. Na4 Bxa1 15. Qxa1 f6 16. Bh6 Rf7 17. f4 Nb6 18. Nb2 a5 19. Nd3 a4 20. Qb2 axb3 21. axb3 Ra3 22. e5 Nxc4 23. bxc4 Rxd3 24. Qc2 Ra3 25. e6 Rf8 26. f5 gxf5 27. Rxf5 Qe8 28. Rf4 Kh8 29. Bxf8 Qxf8 30. Rh4 Qg7 31. Nf4 Rg3 32. Kh2 Rg5 33. g4 Qg8 34. Kg3 Qg7 35. Kf3 Kg8 36. Qa4 Kf8 37. Ke3 Re5+ 38. Kf3 Ne8 39. Qd7 f5 40. g5 Re4 41. Rxh7 Qxh7 42. g6 Qh6 0-1

[Event "Titled Tuesday intern op 25th May"]
[Site "Chess.com INT"]
[Date "2021.05.25"]
[Round "4"]
[White "Mortazavi, Ali"]
[Black "Taras, Iulian Ioan"]
[Result "1-0"]
[WhiteElo "2333"]
[BlackElo "2224"]
[PlyCount "27"]
[EventDate "2021.05.25"]
[EventType "swiss (blitz)"]
[EventRounds "11"]
[EventCountry "USA"]
[SourceTitle "CBM 203 Extra"]
[Source "ChessBase"]
[SourceDate "2021.09.30"]
[SourceVersion "1"]
[SourceVersionDate "2021.09.30"]
[SourceQuality "1"]

1. Nf3 d5 2. g3 c6 3. Bg2 Bg4 4. 0-0 Nd7 5. d3 e6 6. c4 Ngf6 7. Be3 Be7 8. Qb3 b6 9. Nd4 Rc8 10. Qa4 Qc7 11. Nc3 0-0 12. cxd5 Nxd5 13. Nxd5 exd5 14. Nxc6 1-0

[Event "Titled Tuesday intern op 25th May"]
[Site "Chess.com INT"]
[Date "2021.05.25"]
[Round "9"]
[White "Senft, Sean"]
[Black "Taras, Iulian Ioan"]
[Result "0-1"]
[WhiteElo "2039"]
[BlackElo "2224"]
[PlyCount "108"]
[EventDate "2021.05.25"]
[EventType "swiss (blitz)"]
[EventRounds "11"]
[EventCountry "USA"]
[SourceTitle "CBM 203 Extra"]
[Source "ChessBase"]
[SourceDate "2021.09.30"]
[SourceVersion "1"]
[SourceVersionDate "2021.09.30"]
[SourceQuality "1"]

1. d4 d5 2. c4 dxc4 3. e3 Be6 4. Nf3 c6 5. a4 Nf6 6. Ne5 g6 7. Bxc4 Bxc4 8. Nxc4 Qd5 9. Ne5 Qxg2 10. Rf1 Nbd7 11. Qb3 e6 12. Qxb7 Rb8 13. Qxc6 Qxc6 14. Nxc6 Rc8 15. Nxa7 Rxc1+ 16. Ke2 Rxf1 17. Kxf1 Bd6 18. b4 Bxb4 19. Nc6 Bd6 20. a5 0-0 21. a6 Nd5 22. e4 Nb4 23. Nxb4 Bxb4 24. Ra4 Bd6 25. Nc3 Ra8 26. Nb5 Bxh2 27. e5 Nb6 28. Ra2 f6 29. a7 fxe5 30. Nc7 Rc8 31. a8Q Nxa8 32. Nxa8 exd4 33. Nb6 Rc5 34. Ra7 Bc7 35. Nd7 Rc2 36. Ra8+ Kg7 37. Ra3 e5 38. Ra7 Kh6 39. Nf6 Kg5 40. Ne8 Bb6 41. Rxh7 d3 42. Rd7 e4 43. Kg2 Rxf2+ 44. Kg3 Rf3+ 45. Kg2 Be3 46. Ng7 Rf2+ 47. Kg3 d2 48. Ne6+ Kh6 49. Kg4 Rg2+ 50. Kh4 Rg1 51. Ng5 Bxg5+ 52. Kh3 d1Q 53. Rd2 Qg4+ 54. Kh2 Qg3# 0-1

[Event "Titled Tuesday intern op 25th May"]
[Site "Chess.com INT"]
[Date "2021.05.25"]
[Round "7"]
[White "Taras, Iulian Ioan"]
[Black "Donatti, Alvaro"]
[Result "1-0"]
[WhiteElo "2224"]
[BlackElo "2193"]
[PlyCount "43"]
[EventDate "2021.05.25"]
[EventType "swiss (blitz)"]
[EventRounds "11"]
[EventCountry "USA"]
[SourceTitle "CBM 203 Extra"]
[Source "ChessBase"]
[SourceDate "2021.09.30"]
[SourceVersion "1"]
[SourceVersionDate "2021.09.30"]
[SourceQuality "1"]

1. d4 Nf6 2. Nf3 g6 3. c4 Bg7 4. Nc3 d5 5. cxd5 Nxd5 6. Na4 c5 7. Nxc5 0-0 8. e4 Nb4 9. Be3 Qa5 10. Bd2 N8c6 11. Nb3 Qb6 12. d5 Ne5 13. Nxe5 Bxe5 14. Bc3 Bxc3+ 15. bxc3 Na6 16. Be2 Nc5 17. Qd4 Nxb3 18. axb3 Qxb3 19. 0-0 a6 20. Bd3 e5 21. Qxe5 Bd7 22. Rfb1 1-0

[Event "Titled Tuesday intern op 25th May"]
[Site "Chess.com INT"]
[Date "2021.05.25"]
[Round "1"]
[White "Taras, Iulian Ioan"]
[Black "Pert, Richard G"]
[Result "0-1"]
[WhiteElo "2224"]
[BlackElo "2416"]
[PlyCount "84"]
[EventDate "2021.05.25"]
[EventType "swiss (blitz)"]
[EventRounds "11"]
[EventCountry "USA"]
[SourceTitle "CBM 203 Extra"]
[Source "ChessBase"]
[SourceDate "2021.09.30"]
[SourceVersion "1"]
[SourceVersionDate "2021.09.30"]
[SourceQuality "1"]

1. d4 e6 2. Nf3 f5 3. h3 Nf6 4. Nc3 Bb4 5. Bg5 h6 6. Bxf6 Qxf6 7. Qd3 b6 8. a3 Ba6 9. Qd2 Bxc3 10. Qxc3 c5 11. e3 Bxf1 12. Rxf1 Nc6 13. 0-0-0 Rc8 14. Qd3 d5 15. Kb1 0-0 16. c4 dxc4 17. Qxc4 cxd4 18. Nxd4 Nxd4 19. Qxd4 Rfd8 20. Qxf6 gxf6 21. Rxd8+ Rxd8 22. Kc2 Kf7 23. Rd1 Rc8+ 24. Kd2 Ke7 25. Rc1 Rd8+ 26. Ke2 Rd7 27. Rc8 Kf7 28. h4 Kg6 29. g3 e5 30. f3 e4 31. Rg8+ Kf7 32. Rh8 Kg7 33. Ra8 Rc7 34. fxe4 fxe4 35. Kd2 h5 36. a4 Kg6 37. Rg8+ Kf5 38. b3 Rd7+ 39. Ke2 Rd3 40. Ra8 Rxb3 41. Rxa7 Rb2+ 42. Kf1 Kg4 0-1

[Event "Titled Tuesday intern op 11th May"]
[Site "Chess.com INT"]
[Date "2021.05.11"]
[Round "2"]
[White "Shahaliyev, Ismayil Bahram"]
[Black "Taras, Iulian Ioan"]
[Result "0-1"]
[WhiteElo "2413"]
[BlackElo "2224"]
[PlyCount "70"]
[EventDate "2021.05.11"]
[EventType "swiss (blitz)"]
[EventRounds "11"]
[EventCountry "USA"]
[SourceTitle "CBM 202 Extra"]
[Source "ChessBase"]
[SourceDate "2021.07.31"]
[SourceVersion "1"]
[SourceVersionDate "2021.07.31"]
[SourceQuality "1"]

1. e4 c5 2. Nf3 b6 3. d4 cxd4 4. Nxd4 Bb7 5. Nc3 a6 6. a4 e6 7. Bd3 Qc7 8. Bg5 Nf6 9. Qe2 Bb4 10. Bd2 d6 11. 0-0 0-0 12. Bg5 Bxc3 13. bxc3 Nbd7 14. Rab1 Qxc3 15. Bxf6 Nxf6 16. Rxb6 Qxd4 17. Rxb7 Qxa4 18. Rb6 Rfd8 19. Rfb1 a5 20. e5 dxe5 21. Qxe5 h6 22. Rb7 Qd4 23. Qc7 Qd7 24. Qg3 Qd6 25. Qh4 Rdb8 26. Qa4 Rxb7 27. Rxb7 g6 28. h3 Kg7 29. Rb5 Qc7 30. g4 h5 31. Qd4 hxg4 32. hxg4 Rd8 33. Qa1 e5 34. Rxe5 Kg8 35. g5 Ng4 0-1

[Event "Titled Tuesday intern op 11th May"]
[Site "Chess.com INT"]
[Date "2021.05.11"]
[Round "4"]
[White "Wu, Christopher"]
[Black "Taras, Iulian Ioan"]
[Result "1-0"]
[WhiteElo "2347"]
[BlackElo "2224"]
[PlyCount "77"]
[EventDate "2021.05.11"]
[EventType "swiss (blitz)"]
[EventRounds "11"]
[EventCountry "USA"]
[SourceTitle "CBM 202 Extra"]
[Source "ChessBase"]
[SourceDate "2021.07.31"]
[SourceVersion "1"]
[SourceVersionDate "2021.07.31"]
[SourceQuality "1"]

1. e4 c5 2. Nf3 b6 3. d4 cxd4 4. Nxd4 Bb7 5. Bd3 e6 6. 0-0 a6 7. Be3 Qc7 8. c4 Nf6 9. Nc3 Bc5 10. Rc1 Nc6 11. Be2 Nxd4 12. Bxd4 Nxe4 13. Bf3 Nxc3 14. Bxc3 0-0 15. Bxb7 Qxb7 16. Qg4 f6 17. Rcd1 Rfd8 18. Bxf6 Bf8 19. Bxd8 Rxd8 20. b3 b5 21. cxb5 axb5 22. a4 bxa4 23. bxa4 Bc5 24. h3 Qa7 25. Rd2 e5 26. Qc4+ Kh8 27. Kh1 d6 28. Rfd1 Rf8 29. f3 h6 30. Qb5 Rb8 31. Qc6 Rb6 32. Qc8+ Kh7 33. Qf5+ Kh8 34. Qf8+ Kh7 35. Qf5+ Kh8 36. Ra2 Ra6 37. Qe4 Ra5 38. Rb1 Qf7 39. Rab2 1-0

[Event "Titled Tuesday intern op 27th Apr"]
[Site "Chess.com INT"]
[Date "2021.04.27"]
[Round "2"]
[White "Taras, Iulian Ioan"]
[Black "Moskalenko, Alexander"]
[Result "0-1"]
[WhiteElo "2224"]
[BlackElo "2515"]
[PlyCount "96"]
[EventDate "2021.04.27"]
[EventType "swiss (blitz)"]
[EventRounds "11"]
[EventCountry "USA"]
[SourceTitle "CBM 202 Extra"]
[Source "ChessBase"]
[SourceDate "2021.07.31"]
[SourceVersion "1"]
[SourceVersionDate "2021.07.31"]
[SourceQuality "1"]

1. d4 d5 2. Bf4 c6 3. e3 Qb6 4. Bd3 Qxb2 5. Nd2 Qc3 6. Ne2 Qa5 7. 0-0 Bg4 8. f3 Bh5 9. Rb1 b5 10. c4 dxc4 11. Bxc4 e6 12. Bb3 Nf6 13. Rc1 Ba3 14. Rc2 Bg6 15. e4 Nd5 16. exd5 Bxc2 17. Qxc2 cxd5 18. Bxb8 Rxb8 19. Qc6+ Ke7 20. Qc2 Rhc8 21. Qd3 g6 22. f4 Bb4 23. Nf3 Bd6 24. Ne5 Qb4 25. Qh3 Bxe5 26. fxe5 Rf8 27. Qh4+ Ke8 28. Qg5 a5 29. h3 Rc8 30. Rc1 Rxc1+ 31. Qxc1 Kd7 32. Qc3 Qxc3 33. Nxc3 Kc6 34. a4 bxa4 35. Bxa4+ Kc7 36. Kf2 f6 37. Ke3 fxe5 38. dxe5 Rf5 39. Kd4 Rf4+ 40. Kd3 Rb4 41. Bd1 h5 42. g4 h4 43. g5 Kd7 44. Bf3 Ke7 45. Ne2 Rb3+ 46. Nc3 a4 47. Kc2 Rb4 48. Ne2 Rf4 0-1

[Event "Titled Tuesday intern op 27th Apr"]
[Site "Chess.com INT"]
[Date "2021.04.27"]
[Round "6"]
[White "Taras, Iulian Ioan"]
[Black "Torres Hernandez, Leslie Carolin"]
[Result "1-0"]
[WhiteElo "2224"]
[BlackElo "1884"]
[PlyCount "81"]
[EventDate "2021.04.27"]
[EventType "swiss (blitz)"]
[EventRounds "11"]
[EventCountry "USA"]
[SourceTitle "CBM 202 Extra"]
[Source "ChessBase"]
[SourceDate "2021.07.31"]
[SourceVersion "1"]
[SourceVersionDate "2021.07.31"]
[SourceQuality "1"]

1. d4 e6 2. Nf3 Nf6 3. Bg5 Be7 4. e3 d5 5. Nbd2 0-0 6. Bd3 h6 7. h4 b6 8. Ne5 Bb7 9. Qf3 Nbd7 10. Bf4 Nxe5 11. Bxe5 Nd7 12. Bf4 Bf6 13. Qg3 c5 14. c3 cxd4 15. exd4 Kh8 16. Nf3 Re8 17. 0-0-0 Rc8 18. Kb1 a6 19. Ng5 Qe7 20. Nf3 e5 21. dxe5 Nxe5 22. Rhe1 Nxd3 23. Rxe7 Rxe7 24. Rxd3 Rce8 25. Re3 Rxe3 26. fxe3 Re4 27. Nd4 Bc8 28. h5 b5 29. a3 Bd7 30. Ka2 a5 31. Bc7 b4 32. axb4 axb4 33. Qd6 bxc3 34. bxc3 Bg4 35. Qf8+ Kh7 36. Bf4 Bxh5 37. g4 Bg6 38. Kb3 Be7 39. Qc8 Bf6 40. Nf5 Rc4 41. Qf8 1-0

[Event "Titled Tuesday intern op 13th Apr"]
[Site "Chess.com INT"]
[Date "2021.04.13"]
[Round "8"]
[White "Derjabin, Ilja"]
[Black "Taras, Iulian Ioan"]
[Result "1-0"]
[WhiteElo "2333"]
[BlackElo "2224"]
[PlyCount "67"]
[EventDate "2021.04.13"]
[EventType "swiss (blitz)"]
[EventRounds "11"]
[EventCountry "USA"]
[SourceTitle "CBM 201 Extra"]
[Source "ChessBase"]
[SourceDate "2021.05.31"]
[SourceVersion "1"]
[SourceVersionDate "2021.05.31"]
[SourceQuality "1"]

1. d4 d5 2. c4 dxc4 3. Nc3 a6 4. a4 Nc6 5. Nf3 Nf6 6. e3 Na5 7. Be2 Bg4 8. 0-0 e6 9. Ne5 Bxe2 10. Qxe2 Bd6 11. Nxc4 Nxc4 12. Qxc4 0-0 13. e4 e5 14. Bg5 exd4 15. Nd5 Bxh2+ 16. Kh1 Qd6 17. Bxf6 gxf6 18. g3 Rfe8 19. Kxh2 Rxe4 20. Rae1 Rae8 21. Rxe4 Rxe4 22. f3 Re5 23. Nf4 b5 24. axb5 axb5 25. Qd3 Re3 26. Qxb5 d3 27. Rd1 Rxf3 28. Rxd3 Rxd3 29. Qxd3 Qe5 30. Qc3 Kg7 31. Qxe5 fxe5 32. Nd5 c6 33. Nb4 c5 34. Nd3 1-0

[Event "Titled Tuesday intern op 13th Apr"]
[Site "Chess.com INT"]
[Date "2021.04.13"]
[Round "3"]
[White "Kiseljova, Marya"]
[Black "Taras, Iulian Ioan"]
[Result "1/2-1/2"]
[WhiteElo "2031"]
[BlackElo "2224"]
[PlyCount "82"]
[EventDate "2021.04.13"]
[EventType "swiss (blitz)"]
[EventRounds "11"]
[EventCountry "USA"]
[SourceTitle "CBM 201 Extra"]
[Source "ChessBase"]
[SourceDate "2021.05.31"]
[SourceVersion "1"]
[SourceVersionDate "2021.05.31"]
[SourceQuality "1"]

1. d4 d5 2. Bf4 c6 3. e3 e6 4. Nf3 Bd6 5. Bg3 Bxg3 6. hxg3 Nf6 7. Bd3 Nbd7 8. Nbd2 Qe7 9. c3 e5 10. dxe5 Nxe5 11. Nxe5 Qxe5 12. Nf3 Qe7 13. Qc2 Bg4 14. 0-0-0 Bxf3 15. gxf3 g6 16. e4 0-0-0 17. Rde1 Qc5 18. e5 Ne8 19. f4 Nc7 20. Kb1 d4 21. cxd4 Qxc2+ 22. Bxc2 Rxd4 23. Rd1 Rxd1+ 24. Bxd1 Kd7 25. Bg4+ Ke7 26. a4 h5 27. Bf3 Rd8 28. Kc2 Na6 29. Rd1 Rxd1 30. Bxd1 f6 31. exf6+ Kxf6 32. Kc3 Nc5 33. f3 a5 34. Bc2 Ne6 35. Kc4 g5 36. fxg5+ Nxg5 37. f4 Ne6 38. Bd1 Kg6 39. Bc2+ Kf6 40. Bd1 Kg6 41. Bc2+ Kf6 1/2-1/2

[Event "Titled Tuesday intern op 13th Apr"]
[Site "Chess.com INT"]
[Date "2021.04.13"]
[Round "6"]
[White "Taras, Iulian Ioan"]
[Black "Baskin, Robert"]
[Result "1-0"]
[WhiteElo "2224"]
[BlackElo "2390"]
[PlyCount "55"]
[EventDate "2021.04.13"]
[EventType "swiss (blitz)"]
[EventRounds "11"]
[EventCountry "USA"]
[SourceTitle "CBM 201 Extra"]
[Source "ChessBase"]
[SourceDate "2021.05.31"]
[SourceVersion "1"]
[SourceVersionDate "2021.05.31"]
[SourceQuality "1"]

1. d4 Nf6 2. Nf3 d5 3. Bf4 c5 4. e3 e6 5. c3 Bd6 6. Ne5 Qc7 7. Nd2 Nbd7 8. Ndf3 Nh5 9. Bb5 Nxf4 10. exf4 0-0 11. 0-0 Nb6 12. g3 c4 13. Ba4 f6 14. Ng4 Nxa4 15. Qxa4 e5 16. fxe5 Bxg4 17. exd6 Qxd6 18. Nh4 g5 19. Ng2 Bf3 20. Rfe1 a6 21. Re3 b5 22. Qa5 Be4 23. Rae1 Rae8 24. f3 Bg6 25. Kf2 Bd3 26. Rxe8 Rxe8 27. Rxe8+ Kg7 28. Qd8 1-0

[Event "Titled Tuesday intern op 13th Apr"]
[Site "Chess.com INT"]
[Date "2021.04.13"]
[Round "4"]
[White "Tsukerman, Julia"]
[Black "Taras, Iulian Ioan"]
[Result "0-1"]
[WhiteElo "1523"]
[BlackElo "2224"]
[PlyCount "50"]
[EventDate "2021.04.13"]
[EventType "swiss (blitz)"]
[EventRounds "11"]
[EventCountry "USA"]
[SourceTitle "CBM 201 Extra"]
[Source "ChessBase"]
[SourceDate "2021.05.31"]
[SourceVersion "1"]
[SourceVersionDate "2021.05.31"]
[SourceQuality "1"]

1. e4 c5 2. Nf3 b6 3. d4 cxd4 4. Nxd4 Bb7 5. Nc3 a6 6. Be3 e6 7. f3 Qc7 8. Qd2 Nf6 9. 0-0-0 Bb4 10. Nde2 Nc6 11. Kb1 0-0 12. g4 Ne5 13. Bf4 Rac8 14. Qe3 d6 15. h4 Rfd8 16. h5 Nc4 17. Qf2 Nxb2 18. Kxb2 Bxc3+ 19. Nxc3 Qxc3+ 20. Kb1 Qb4+ 21. Ka1 Qc3+ 22. Kb1 Nxe4 23. fxe4 Bxe4 24. Rh3 Bxc2+ 25. Kc1 Bd3+ 0-1

[Event "Titled Tuesday intern op 30th Mar"]
[Site "Chess.com INT"]
[Date "2021.03.30"]
[Round "8"]
[White "Katz, Alexander R"]
[Black "Taras, Iulian Ioan"]
[Result "1-0"]
[WhiteElo "2400"]
[BlackElo "2224"]
[PlyCount "69"]
[EventDate "2021.03.30"]
[EventType "swiss (blitz)"]
[EventRounds "11"]
[EventCountry "USA"]
[SourceTitle "CBM 201 Extra"]
[Source "ChessBase"]
[SourceDate "2021.05.31"]
[SourceVersion "1"]
[SourceVersionDate "2021.05.31"]
[SourceQuality "1"]

1. e4 c5 2. Nf3 b6 3. d4 cxd4 4. Nxd4 Bb7 5. Nc3 a6 6. Bc4 e6 7. 0-0 Qc7 8. Bb3 Nf6 9. Qe2 Bc5 10. Nf3 d6 11. Bg5 Nbd7 12. Rad1 Ne5 13. Kh1 h6 14. Bh4 g5 15. Bg3 0-0-0 16. Na4 b5 17. Nxc5 Qxc5 18. Nxe5 dxe5 19. f3 g4 20. Bf2 Qc6 21. Bh4 Rxd1 22. Rxd1 Nh5 23. c4 Nf4 24. Qe3 gxf3 25. gxf3 Rg8 26. Bf6 bxc4 27. Bxc4 Nh3 28. Be2 Kb8 29. Bxe5+ Ka8 30. Bg3 h5 31. Rc1 Qd7 32. Rc7 Qd8 33. Qb6 Qb8 34. Bxa6 Nf2+ 35. Bxf2 1-0

[Event "Titled Tuesday intern op 16th Mar"]
[Site "Chess.com INT"]
[Date "2021.03.16"]
[Round "2"]
[White "Kosteniuk, Alexandra"]
[Black "Taras, Iulian Ioan"]
[Result "1-0"]
[WhiteElo "2474"]
[BlackElo "2224"]
[PlyCount "97"]
[EventDate "2021.03.16"]
[EventType "swiss (blitz)"]
[EventRounds "11"]
[EventCountry "USA"]
[SourceTitle "CBM 201 Extra"]
[Source "ChessBase"]
[SourceDate "2021.05.31"]
[SourceVersion "1"]
[SourceVersionDate "2021.05.31"]
[SourceQuality "1"]

1. e4 c5 2. c3 d6 3. d4 Nf6 4. Bd3 Nbd7 5. Nf3 e5 6. 0-0 Be7 7. Re1 0-0 8. Nbd2 Re8 9. Nf1 a6 10. a4 b6 11. Ng3 Bb7 12. d5 g6 13. b4 Bf8 14. h3 h6 15. Be3 Kh7 16. Qd2 a5 17. Reb1 Ba6 18. Bc2 Qc7 19. Nh2 Bg7 20. f3 Rec8 21. bxa5 bxa5 22. Ng4 h5 23. Nf2 Bc4 24. h4 Ng8 25. Nh3 f6 26. f4 Bh6 27. f5 Bxe3+ 28. Qxe3 Nh6 29. fxg6+ Kxg6 30. Bd1 Rg8 31. Nxh5 Kh7 32. Rb2 Rg6 33. Rab1 Rag8 34. Bf3 Ba6 35. Kh1 Qd8 36. Qe1 Ng4 37. Ng3 Nf2+ 38. Qxf2 Rxg3 39. Kh2 R3g7 40. Rg1 Kh8 41. Be2 Bxe2 42. Qxe2 Rh7 43. Qf3 Rxh4 44. Rb7 Rh7 45. Qf5 Qe8 46. Ra7 Rg5 47. Qe6 Qh5 48. Ra8+ Rg8 49. Qxg8# 1-0